<?xml version="1.0" encoding="UTF-8"?><?xml-stylesheet type="text/xsl" href="static/style.xsl"?><OAI-PMH xmlns="http://www.openarchives.org/OAI/2.0/" xmlns:xsi="http://www.w3.org/2001/XMLSchema-instance" xsi:schemaLocation="http://www.openarchives.org/OAI/2.0/ http://www.openarchives.org/OAI/2.0/OAI-PMH.xsd"><responseDate>2026-04-14T04:50:43Z</responseDate><request verb="GetRecord" identifier="oai:www.recercat.cat:2072/419551" metadataPrefix="marc">https://recercat.cat/oai/request</request><GetRecord><record><header><identifier>oai:recercat.cat:2072/419551</identifier><datestamp>2025-04-25T19:58:11Z</datestamp><setSpec>com_2072_98</setSpec><setSpec>col_2072_378196</setSpec></header><metadata><record xmlns="http://www.loc.gov/MARC21/slim" xmlns:dcterms="http://purl.org/dc/terms/" xmlns:xsi="http://www.w3.org/2001/XMLSchema-instance" xmlns:doc="http://www.lyncode.com/xoai" xsi:schemaLocation="http://www.loc.gov/MARC21/slim http://www.loc.gov/standards/marcxml/schema/MARC21slim.xsd">
   <leader>00925njm 22002777a 4500</leader>
   <datafield ind2=" " ind1=" " tag="042">
      <subfield code="a">dc</subfield>
   </datafield>
   <datafield ind2=" " ind1=" " tag="720">
      <subfield code="a">Luque Rubio, Aarón</subfield>
      <subfield code="e">author</subfield>
   </datafield>
   <datafield ind2=" " ind1=" " tag="720">
      <subfield code="a">Universitat Autònoma de Barcelona. Escola Tècnica Superior d'Enginyeria</subfield>
      <subfield code="e">author</subfield>
   </datafield>
   <datafield ind2=" " ind1=" " tag="720">
      <subfield code="a">Universitat Autònoma de Barcelona. Escola d'Enginyeria</subfield>
      <subfield code="e">author</subfield>
   </datafield>
   <datafield ind2=" " ind1=" " tag="260">
      <subfield code="c">2007</subfield>
   </datafield>
   <datafield ind2=" " ind1=" " tag="520">
      <subfield code="a">La memòria d'aquest projecte consisteix, primerament, a realitzar una anàlisi del projecte, de la situació actual, i a redactar un estudi de viabilitat que determinarà si el projecte és viable o no. Després es descriuen les tecnologies que s'han utilitzat i es comparen amb d'altres de similars per demostrar perquè s'han escollit. Després es descriuen els aspectes tècnics de l'aplicació, es realitza una anàlisi de la base de dades, una explicació del disseny de l'aplicació i finalment es comenten els aspectes més tècnics de la programació. Per acabar la memòria es realitza una valoració personal i s'expliquen possibles millores i els objectius assolits.</subfield>
   </datafield>
   <datafield ind2=" " ind1=" " tag="520">
      <subfield code="a">La memoria de este proyecto consiste, primero de todo en realizar un análisis del proyecto, de la situación actual y redactar un estudio de viabilidad que determinará si el proyecto es viable o no. Después se describen las tecnologías que se han utilizado y se comparan con otras similares para demostrar el por qué se han elegido éstas. Después se empieza a describir los aspectos técnicos de la aplicación, realizando un análisis de la base de datos, una explicación del diseño de la aplicación y finalmente se comentan los aspectos más técnicos de la programación. Para acabar la memoria se realiza una valoración personal y se explican posibles mejoras y los objetivos alcanzados.</subfield>
   </datafield>
   <datafield ind2=" " ind1=" " tag="520">
      <subfield code="a">The memory of this project consists, first of all to carry out an analysis of the project, the current situation and writing a viability study that determine if the project is viable or not. Next it is described the technologies that were used and they are compared with other similar technologies to demonstrate why they have been chosen. Then it is described the technical aspects of the application, it is carried out an analysis of the database, an explication of the application design and finally it is explained the more technical aspects of the code. To finish the memory, it is done a personal valuation and it is explained other possible improves and the objectives reached.</subfield>
   </datafield>
   <datafield tag="653" ind2=" " ind1=" ">
      <subfield code="a">Escoles Administració i organització Processament de dades</subfield>
   </datafield>
   <datafield tag="653" ind2=" " ind1=" ">
      <subfield code="a">Web Disseny</subfield>
   </datafield>
   <datafield ind2="0" ind1="0" tag="245">
      <subfield code="a">Aplicació web per a la gestió de formació informàtica a Terrassa</subfield>
   </datafield>
</record></metadata></record></GetRecord></OAI-PMH>